Countries that Border Brazil - Statistics

General Stats
  • This quiz has been taken 25 times
  • The average score is 10 of 10
Answer Stats
Countries % Correct
Argentina
100%
Paraguay
100%
Suriname
100%
Uruguay
100%
Bolivia
96%
Colombia
96%
France
96%
Guyana
96%
Peru
96%
Venezuela
75%
No matching quizzes found
Score Distribution
Percent of People with Each Score
Percentile by Number Answered
Your Score History
You have not taken this quiz